=LDR 00000nam 2200000 4500 =001 INLIS000000000003945 =005 20130612092236 =008 ***********************************Ind** =035 ##$$0010-061300000003945 =041 ##$$a Ind =082 ##$$a 915.94 =090 ##$$a 915.94, Gre m =100 ##$$a Gresham, Bill =245 ##$$a Merantau ke Australia, petunjuk bagi wisatawan, pelajar, pedagang, oleh Bill Gresham =260 ##$$a 1993 $b Ende =300 ##$$a ix, 174 hlm., ilus., 21 cm =650 ##$$a Australia =650 ##$$a Petunjuk wisatawan =850 ##$$a NBPNMAT